000 01634cam a2200361 i 4500
003 SA-RiAUC
005 20250821042525.0
008 250819s1997 le g 00000 ara c
040 _aSA-JeALM
_bara
_cSA-RiAUC
_erda
082 0 4 _a259
_qSA-RiAUC
090 _a259
_bط ر ط
100 1 _aالطرطوشي، محمد بن الوليد بن محمد،
_d451-520 هجري
_eمؤلف.
245 1 0 _aرسالة في تحريم الجبن الرومي ؛
_bوكتاب تحريم الغناء والسماع /
_cتأليف أبي بكر محمد بن الوليد الطرطوشي ؛ حققهما وقدم لهما ووضع فهارسهما عبد المجيد تركي.
250 _aالطبعة الأولى.
264 1 _aبيروت :
_bدار الغرب الإسلامي،
_c1997.
300 _a390 صفحة ؛
_c24 سم
336 _aنص
_btxt
_2rdacontent
_3كتاب
337 _aبدون وسيط
_bn
_2rdamedia
338 _aمجلد
_bnc
_2rdacarrier
650 7 _aالغناء (فقه إسلامي)
_2aucsh
650 7 _aالإسلام والغناء
_2aucsh
650 7 _aالوعظ والإرشاد
_2aucsh
650 7 _aالأخلاق الإسلامية
_2aucsh
650 7 _aالفقه المالكي
_2aucsh
650 7 _aالفقه الإسلامي
_2aucsh
650 7 _aالأحكام الشرعية
_2aucsh
650 7 _aالغناء (فقه إسلامي)
_2aucsh
650 7 _aالحظر والإباحة
_2aucsh
700 1 _aتركي، عبد المجيد،
_d1931-2010
_eمحقق.
740 0 2 _aتحريم الغناء والسماع.
942 _2ddc
_cBOOK
_n0
949 _aSA-JeALM
_d250819
_uosman123
_n1
999 _c10988
_d10988